Normal view
MARC view
- Jones, H.R.N
Entry Personal Name
001 - CONTROL NUMBER
- control field: 63072
003 - CONTROL NUMBER IDENTIFIER
- control field: NUST
005 - DATE AND TIME OF LATEST TRANSACTION
- control field: 20210628203045.0
008 - FIXED-LENGTH DATA ELEMENTS
- fixed length control field: 210628|| aca||aabn | a|a d
040 ## - CATALOGING SOURCE
- Original cataloging agency: NUST
- Transcribing agency: NUST
100 ## - HEADING--PERSONAL NAME
- Personal name: Jones, H.R.N
670 ## - SOURCE DATA FOUND
- Source citation: Work cat.: (NUST): Jones, H.R.N, Domestic gas bunner design ,the application of combustion principles - 10, 1989
